Cuentos hispanoamericanos

Guardado en:
Detalles Bibliográficos
Autor Corporativo: Concurso Internacional Juan Rulfo, XVI (Autor)
Formato: Libro
Lenguaje:español
Publicado: Santiago Lom 2000
Edición:1a. ed
Colección:Narrativa
Materias:
Etiquetas: Agregar Etiqueta
Sin Etiquetas, Sea el primero en etiquetar este registro!

MARC

LEADER 00000nam a2200000 a 4500
001 UCI2681
003 CL-VaPUC
008 070907e20000000CL |||||||||||||||||spa|d
020 |a 9562822850 
082 0 4 |a H863  |b CON  |2 21 
110 2 |a Concurso Internacional Juan Rulfo, XVI  |e author  |9 523796 
245 1 0 |a Cuentos hispanoamericanos 
250 |a 1a. ed 
300 |a 173 p 
942 |c BK 
945 |d 20070907 00:00:00  |a rbrito 
260 |a Santiago  |b Lom  |c 2000 
650 0 |a Cuentos hispanoamericanos  |9 312389 
650 0 |a Literatura hispanoamericana  |9 269097 
583 |a last modification  |c 20070907 00:00:00  |k Rodrigo Vera 
490 0 |a Narrativa 
999 |c 327159  |d 327157 
952 |0 0  |1 0  |4 0  |6 H_863_000000000000000_CON_2000  |7 0  |8 A  |9 409634  |a BIBEDU  |b BIBEDU  |d 2019-11-22  |i 4370058  |o H863 CON 2000  |p 4370058  |r 2019-11-22  |w 2019-11-22  |y BK  |k LIT